[Event "Futurity III"]
[Site "Montreal CAN"]
[Date "2003.04.18"]
[Round "3"]
[White "Burnett, Ronald"]
[Black "Voskanyan, Vahagn"]
[Result "1-0"]
[WhiteElo "2449"]
[BlackElo "2303"]
[PlyCount "52"]
[EventDate "2003.04.16"]
[EventType "tourn"]
[EventRounds "9"]
[EventCountry "CAN"]

1. Nf3 d5 2. b3 c5 3. e3 Nc6 4. Bb5 Qb6 5. c4 Nf6 6. Ne5 Bf5 7. Nc3 e6 8. g4
Bg6 9. Nxg6 hxg6 10. g5 Ne4 11. Nxe4 dxe4 12. Qg4 O-O-O 13. Bxc6 Qxc6 14. h4
Be7 15. Bb2 Rhg8 16. h5 gxh5 17. Qxh5 f5 18. Qg6 Rd7 19. Rh7 Qd6 20. Bc3 Bd8
21. O-O-O a6 22. a4 b5 23. axb5 axb5 24. cxb5 Rb7 25. Kb2 Rxb5 26. Ra1 Ba5 1-0

[Event "Futurity III"]
[Site "Montreal CAN"]
[Date "2003.04.19"]
[Round "4"]
[White "Rousseau, Daniel"]
[Black "Burnett, Ronald"]
[Result "0-1"]
[WhiteElo "2065"]
[BlackElo "2449"]
[PlyCount "88"]
[EventDate "2003.04.16"]
[EventType "tourn"]
[EventRounds "9"]
[EventCountry "CAN"]

1. e4 g6 2. d4 d6 3. Nc3 Nf6 4. Nf3 Bg7 5. Be2 a6 6. a4 O-O 7. O-O b6 8. Re1
Bb7 9. Bf1 Nc6 10. d5 Nb4 11. Nb1 a5 12. c3 Na6 13. Nd4 Nc5 14. f3 e5 15. Nb5
Nh5 16. b4 Nd7 17. Be3 f5 18. Nd2 Ndf6 19. Bf2 Bc8 20. h3 fxe4 21. fxe4 g5 22.
g3 g4 23. h4 Nxg3 24. Bxg3 Nh5 25. Re3 Bh6 26. Qe1 Bf4 27. Bc4 Bxg3 28. Rxg3
Qxh4 29. Rg2 g3 30. Nf1 Rxf1+ 31. Bxf1 Bh3 32. Raa2 Kh8 33. Nxc7 Rg8 34. Ne6
Nf4 35. Nxf4 exf4 36. Qd1 Bg4 37. Be2 Bxe2 38. Qxe2 Rg5 39. Qf3 Rh5 40. Kf1
Qh1+ 41. Ke2 Re5 42. bxa5 Qb1 43. axb6 Rxe4+ 44. Qxe4 Qxe4+ 0-1

[Event "Futurity III"]
[Site "Montreal CAN"]
[Date "2003.04.23"]
[Round "7"]
[White "Burnett, Ronald"]
[Black "Gilman, Arkadiy"]
[Result "1/2-1/2"]
[WhiteElo "2449"]
[BlackElo "2202"]
[PlyCount "111"]
[EventDate "2003.04.16"]
[EventType "tourn"]
[EventRounds "9"]
[EventCountry "CAN"]

1. Nf3 Nf6 2. c4 c6 3. g3 d5 4. Qc2 g6 5. Bg2 Bg7 6. O-O O-O 7. d3 Nbd7 8. Nc3
e5 9. cxd5 Nxd5 10. a3 N7b6 11. e4 Nc7 12. Bg5 Qd6 13. Be3 Ne6 14. b4 Nd4 15.
Nxd4 exd4 16. Bf4 Qe7 17. Ne2 Bg4 18. Nc1 a5 19. Bd2 a4 20. f4 Be6 21. Ne2 Rfd8
22. Rae1 Qd7 23. Qc5 Nc4 24. dxc4 d3 25. Be3 dxe2 26. Rxe2 Bf8 27. Qe5 Bxc4 28.
Rd2 Qe7 29. Qxe7 Bxe7 30. Rfd1 Bb3 31. Rxd8+ Rxd8 32. Rxd8+ Bxd8 33. Bc5 f6 34.
Kf2 Kf7 35. Ke3 b6 36. Bd4 Ke6 37. g4 Kd6 38. e5+ fxe5 39. Bxe5+ Kd7 40. Be4 c5
41. bxc5 bxc5 42. f5 Bg5+ 43. Bf4 Bf6 44. fxg6 hxg6 45. Bxg6 Bb2 46. h4 Bxa3
47. Be5 Bc1+ 48. Ke2 a3 49. g5 Bb2 50. Bxb2 axb2 51. Bb1 Bf7 52. Kd2 Kd6 53.
Kc3 Ke5 54. Kxb2 Kf4 55. g6 Bxg6 56. Bxg6 1/2-1/2

[Event "Futurity III"]
[Site "Montreal CAN"]
[Date "2003.04.23"]
[Round "7"]
[White "Voskanyan, Vahagn"]
[Black "Rousseau, Daniel"]
[Result "1-0"]
[WhiteElo "2303"]
[BlackElo "2065"]
[PlyCount "71"]
[EventDate "2003.04.16"]
[EventType "tourn"]
[EventRounds "9"]
[EventCountry "CAN"]

1. e4 e5 2. Nf3 Nc6 3. Nc3 Nf6 4. d4 exd4 5. Nxd4 Bb4 6. Nxc6 bxc6 7. Bd3 d5 8.
exd5 cxd5 9. O-O O-O 10. Bg5 c6 11. Ne2 Bd6 12. c3 Bxh2+ 13. Kh1 Bc7 14. Qa4 h6
15. Bh4 Bd7 16. Rad1 Re8 17. Rfe1 g5 18. Bg3 Ng4 19. Kg1 Bb6 20. Bb1 Qe7 21.
Qc2 f5 22. Qd2 Qf6 23. Nd4 f4 24. Bh2 c5 25. Nf3 Bc6 26. Qc2 Re4 27. Nd2 c4 28.
Nxe4 dxe4 29. Qe2 Nxf2 30. Qxc4+ Kg7 31. Rd4 e3 32. b4 Rf8 33. b5 Bb7 34. Rd7+
Kh8 35. Rxb7 Ng4 36. Rh7# 1-0

[Event "Futurity III qual."]
[Site "Montreal CAN"]
[Date "2003.04.04"]
[Round "1"]
[White "Charron, Guillaume"]
[Black "Bouchard, Jean-Marc"]
[Result "0-1"]
[WhiteElo "1428"]
[BlackElo "2028"]
[PlyCount "48"]
[EventDate "2003.04.04"]
[EventType "swiss"]
[EventRounds "5"]
[EventCountry "CAN"]

1. e4 e6 2. d4 d5 3. Nc3 Nf6 4. e5 Nfd7 5. f4 c5 6. Nf3 b6 7. Be3 Ba6 8. Be2
Bxe2 9. Qxe2 Nc6 10. O-O cxd4 11. Nxd4 Nxd4 12. Bxd4 Bc5 13. Bxc5 bxc5 14. Nb5
O-O 15. Nd6 c4 16. b3 Qb6+ 17. Kh1 cxb3 18. cxb3 f6 19. h3 fxe5 20. fxe5 Qd4
21. Rxf8+ Rxf8 22. Re1 Qf2 23. Nb5 Qg3 24. Qe3 Rf1+ 0-1

[Event "Futurity III qual."]
[Site "Montreal CAN"]
[Date "2003.04.04"]
[Round "1"]
[White "Laduguie, Patrick"]
[Black "Bolduc, Steve"]
[Result "1-0"]
[WhiteElo "1971"]
[BlackElo "2312"]
[PlyCount "93"]
[EventDate "2003.04.04"]
[EventType "swiss"]
[EventRounds "5"]
[EventCountry "CAN"]

1. e4 c6 2. d4 d5 3. Nd2 dxe4 4. Nxe4 Nd7 5. Nf3 Ngf6 6. Nxf6+ Nxf6 7. Be2 Bf5
8. O-O e6 9. Bf4 Bd6 10. Bxd6 Qxd6 11. Ne5 O-O 12. c3 Rfd8 13. Qb3 Qc7 14. Rad1
c5 15. Nf3 Nd5 16. dxc5 Nf4 17. Qc4 Nxe2+ 18. Qxe2 Qxc5 19. Rxd8+ Rxd8 20. Rd1
Rxd1+ 21. Qxd1 h6 22. Qd4 Qa5 23. a3 Kh7 24. h3 f6 25. Qd7 Qa6 26. Nd4 Qd3 27.
Qxb7 a6 28. Nxf5 exf5 29. Qb6 f4 30. b4 Qxc3 31. Qxa6 f3 32. Qa8 Qc1+ 33. Kh2
Qf4+ 34. g3 Qf5 35. Qc6 Qd3 36. Qc1 Qe2 37. Kg1 h5 38. Qb1+ g6 39. b5 f5 40. b6
h4 41. gxh4 Qe5 42. b7 Qb8 43. a4 Kh6 44. Qc1+ f4 45. Qc8 Qe5 46. Qc1 Qb8 47.
Qc6 1-0

[Event "Futurity III qual."]
[Site "Montreal CAN"]
[Date "2003.04.04"]
[Round "1"]
[White "McDonough, Jonathan"]
[Black "Nadeau, Michel"]
[Result "1-0"]
[WhiteElo "2047"]
[BlackElo "1441"]
[PlyCount "37"]
[EventDate "2003.04.04"]
[EventType "swiss"]
[EventRounds "5"]
[EventCountry "CAN"]

1. d4 c5 2. Nf3 Na6 3. e4 b6 4. Nc3 cxd4 5. Qxd4 Nc5 6. Be3 Nf6 7. e5 Ne6 8.
Qa4 Ng8 9. O-O-O Nc5 10. Bxc5 bxc5 11. Bc4 Qb6 12. Nd5 Qh6+ 13. Kb1 Rb8 14.
Qxa7 Rb7 15. Qxc5 Kd8 16. Qa5+ Ke8 17. Nc7+ Kd8 18. Ne6+ Ke8 19. Qd8# 1-0

[Event "Futurity III qual."]
[Site "Montreal CAN"]
[Date "2003.04.04"]
[Round "1"]
[White "Rosen, Matthew"]
[Black "Malveau, Cedric"]
[Result "1-0"]
[WhiteElo "2106"]
[BlackElo "1882"]
[PlyCount "45"]
[EventDate "2003.04.04"]
[EventType "swiss"]
[EventRounds "5"]
[EventCountry "CAN"]

1. e4 e5 2. Nf3 Nf6 3. Nxe5 d6 4. Nf3 Nxe4 5. Nc3 Nxc3 6. dxc3 Be7 7. Bf4 Nc6
8. Qd2 O-O 9. O-O-O Bg4 10. Be2 Bf6 11. h3 Bh5 12. g4 Bg6 13. h4 Re8 14. h5 Be4
15. g5 Be5 16. Rh4 Bxf3 17. Bxf3 Bxf4 18. Qxf4 Qe7 19. g6 f6 20. Bd5+ Kh8 21.
h6 hxg6 22. hxg7+ Kxg7 23. Qh6# 1-0

[Event "Futurity III qual."]
[Site "Montreal CAN"]
[Date "2003.04.05"]
[Round "2"]
[White "Bolduc, Steve"]
[Black "Nadeau, Michel"]
[Result "1-0"]
[WhiteElo "2312"]
[BlackElo "1441"]
[PlyCount "37"]
[EventDate "2003.04.04"]
[EventType "swiss"]
[EventRounds "5"]
[EventCountry "CAN"]

1. d4 c5 2. d5 c4 3. e4 Qc7 4. Qd4 b5 5. a4 e5 6. dxe6 fxe6 7. axb5 Nf6 8. Nc3
Bc5 9. Qxc4 O-O 10. Be3 Bxe3 11. Qxc7 Bxf2+ 12. Kd2 Ng4 13. Nf3 Bb6 14. Qxb6
axb6 15. Rxa8 Bb7 16. Ra7 Bc8 17. Bc4 d5 18. exd5 Nd7 19. Rxd7 1-0

[Event "Futurity III qual."]
[Site "Montreal CAN"]
[Date "2003.04.05"]
[Round "2"]
[White "Bouchard, Jean-Marc"]
[Black "Rosen, Matthew"]
[Result "1/2-1/2"]
[WhiteElo "2028"]
[BlackElo "2106"]
[PlyCount "135"]
[EventDate "2003.04.04"]
[EventType "swiss"]
[EventRounds "5"]
[EventCountry "CAN"]

1. b3 d5 2. Bb2 Bf5 3. e3 Nd7 4. f4 Ngf6 5. Nf3 e6 6. Nc3 a6 7. g3 Bd6 8. Bg2
Qe7 9. Ne2 Ba3 10. Qc1 Bxb2 11. Qxb2 c5 12. O-O b5 13. h3 O-O 14. g4 Be4 15.
Ng3 Bxf3 16. Bxf3 Nb6 17. Rae1 Rac8 18. g5 Nfd7 19. d3 Rc7 20. e4 Qd6 21. Bg4
c4 22. exd5 Nxd5 23. dxc4 bxc4 24. Qd4 cxb3 25. c4 Qb6 26. Qxb6 N5xb6 27. axb3
Nc5 28. Bd1 Rd8 29. Bc2 Rd2 30. Rd1 Rcd7 31. Rxd2 Rxd2 32. Rd1 Rxd1+ 33. Bxd1
Nd3 34. f5 e5 35. Ne4 Nd7 36. Kf1 f6 37. h4 Kf8 38. Be2 Nb4 39. c5 Ke7 40. Bc4
Nb8 41. gxf6+ gxf6 42. h5 h6 43. Nd6 Nd7 44. Nf7 Nxc5 45. Nxh6 Ne4 46. Kg2 Kf8
47. Ng4 Kg7 48. Kh3 a5 49. h6+ Kh7 50. Kh4 Nd2 51. Be6 Nd3 52. Nxf6+ Kxh6 53.
Ng4+ Kg7 54. f6+ Kg6 55. Bd7 Nc5 56. Nxe5+ Kxf6 57. Ng4+ Ke7 58. Ba4 Nxa4 59.
bxa4 Nc4 60. Kg3 Kd6 61. Kf4 Kc5 62. Ke4 Nb2 63. Ne5 Nxa4 64. Kd3 Nb6 65. Kc3
a4 66. Nd3+ Kb5 67. Nb2 a3 68. Kb3 1/2-1/2

[Event "Futurity III qual."]
[Site "Montreal CAN"]
[Date "2003.04.05"]
[Round "2"]
[White "Malveau, Cedric"]
[Black "Charron, Guillaume"]
[Result "0-1"]
[WhiteElo "1882"]
[BlackElo "1428"]
[PlyCount "72"]
[EventDate "2003.04.04"]
[EventType "swiss"]
[EventRounds "5"]
[EventCountry "CAN"]

1. d4 d5 2. c4 e6 3. Nc3 Nf6 4. Nf3 Nbd7 5. Bg5 Be7 6. e3 O-O 7. cxd5 exd5 8.
Bd3 c6 9. O-O Ne4 10. Bxe7 Qxe7 11. Qc2 Re8 12. Rab1 a5 13. a3 Nf8 14. Ne5 f6
15. Nf3 Bf5 16. Nxe4 Bxe4 17. Bxe4 Qxe4 18. Qxe4 Rxe4 19. b4 axb4 20. axb4 Ree8
21. Rfc1 Rec8 22. Ne1 Nd7 23. Nd3 b6 24. Kf1 Kf7 25. Rc2 Ke7 26. Rbc1 Kd6 27.
Ke2 b5 28. g4 Nb6 29. h4 Nc4 30. f4 Re8 31. Kf2 Ra3 32. Rc3 Rxc3 33. Rxc3 Rxe3
34. f5 Re4 35. Kg3 Rxd4 36. Nf4 Ne5 0-1

[Event "Futurity III qual."]
[Site "Montreal CAN"]
[Date "2003.04.05"]
[Round "2"]
[White "Ramaswamy, Kishor"]
[Black "Laduguie, Patrick"]
[Result "1-0"]
[WhiteElo "1943"]
[BlackElo "1971"]
[PlyCount "41"]
[EventDate "2003.04.04"]
[EventType "swiss"]
[EventRounds "5"]
[EventCountry "CAN"]

1. d4 Nf6 2. Nf3 g6 3. Bg5 Bg7 4. Nbd2 d5 5. e3 O-O 6. Bd3 c5 7. c3 cxd4 8.
exd4 Qd6 9. O-O Nc6 10. Re1 Bg4 11. h3 Bxf3 12. Nxf3 Nd7 13. Bb5 Rac8 14. Bxc6
Qxc6 15. Rxe7 a6 16. Qd2 Rfe8 17. Rae1 Rxe7 18. Rxe7 b5 19. Qe3 Bf6 20. Re8+
Rxe8 21. Qxe8+ 1-0

[Event "Futurity III qual."]
[Site "Montreal CAN"]
[Date "2003.04.05"]
[Round "3"]
[White "Charron, Guillaume"]
[Black "Bolduc, Steve"]
[Result "1-0"]
[WhiteElo "1428"]
[BlackElo "2312"]
[PlyCount "35"]
[EventDate "2003.04.04"]
[EventType "swiss"]
[EventRounds "5"]
[EventCountry "CAN"]

1. e4 c5 2. Nf3 Nc6 3. d4 cxd4 4. Nxd4 e6 5. Nc3 a6 6. Be2 Bc5 7. Be3 Qb6 8.
Na4 Qa5+ 9. c3 Be7 10. f4 b5 11. Nxc6 dxc6 12. Nb6 Rb8 13. b4 Qa3 14. Qc2 Bxb4
15. cxb4 Qxe3 16. Qxc6+ Kf8 17. Qd6+ Ne7 18. Qd8# 1-0

[Event "Futurity III qual."]
[Site "Montreal CAN"]
[Date "2003.04.05"]
[Round "3"]
[White "Malveau, Cedric"]
[Black "Kayembe, Doris"]
[Result "1-0"]
[WhiteElo "1882"]
[BlackElo "1881"]
[PlyCount "89"]
[EventDate "2003.04.04"]
[EventType "swiss"]
[EventRounds "5"]
[EventCountry "CAN"]

1. d4 d5 2. c4 c6 3. Nf3 Nf6 4. Nc3 a6 5. cxd5 cxd5 6. Bf4 Nc6 7. e3 e6 8. a3
Qb6 9. Qc2 Bd7 10. Bd3 Rc8 11. O-O Be7 12. Rac1 Na5 13. Ne5 Nb3 14. Rcd1 h6 15.
Bg6 O-O 16. Bxf7+ Rxf7 17. Qg6 Be8 18. Bxh6 Nh5 19. Nxd5 Qd6 20. Nxf7 Bxf7 21.
Nxe7+ Qxe7 22. Qg4 Qf6 23. Bg5 Qg6 24. h4 Nf6 25. Qf4 Ne4 26. f3 Nxg5 27. Qxg5
Qc2 28. f4 Qe2 29. Rde1 Qxb2 30. f5 exf5 31. Qxf5 Rc7 32. h5 Qxa3 33. Rf2 Qa5
34. Ref1 Qxf5 35. Rxf5 a5 36. R1f3 Bc4 37. Rf8+ Kh7 38. g4 g6 39. hxg6+ Kxg6
40. Kg2 a4 41. Kg3 Re7 42. R8f6+ Kg7 43. Kh4 Rxe3 44. Kg5 Nxd4 45. Rg6+ 1-0

[Event "Futurity III qual."]
[Site "Montreal CAN"]
[Date "2003.04.05"]
[Round "3"]
[White "McDonough, Jonathan"]
[Black "Laduguie, Patrick"]
[Result "1-0"]
[WhiteElo "2047"]
[BlackElo "1971"]
[PlyCount "57"]
[EventDate "2003.04.04"]
[EventType "swiss"]
[EventRounds "5"]
[EventCountry "CAN"]

1. d4 Nf6 2. c4 g6 3. Nc3 d5 4. cxd5 Nxd5 5. e4 Nxc3 6. bxc3 Bg7 7. Bc4 O-O 8.
Be3 c5 9. Ne2 cxd4 10. cxd4 Nc6 11. Rc1 Na5 12. Bd3 b6 13. h4 h5 14. e5 Bb7 15.
Nf4 Rc8 16. O-O Rxc1 17. Qxc1 Nc6 18. Be4 Qd7 19. e6 fxe6 20. Nxg6 Rc8 21. Qd1
Ba6 22. Qxh5 Bxf1 23. Nh8 Qd6 24. Nf7 Qb4 25. Qg6 Kf8 26. Nh6 Nd8 27. Kxf1 e5
28. Qf5+ Bf6 29. Qxc8 1-0

[Event "Futurity III qual."]
[Site "Montreal CAN"]
[Date "2003.04.06"]
[Round "4"]
[White "Charron, Guillaume"]
[Black "McDonough, Jonathan"]
[Result "0-1"]
[WhiteElo "1428"]
[BlackElo "2047"]
[PlyCount "36"]
[EventDate "2003.04.04"]
[EventType "swiss"]
[EventRounds "5"]
[EventCountry "CAN"]

1. e4 c5 2. Nf3 Nc6 3. d4 cxd4 4. Nxd4 e5 5. Nb5 a6 6. Nd6+ Bxd6 7. Qxd6 Qf6 8.
Qxf6 Nxf6 9. f3 d5 10. exd5 Nxd5 11. g4 Nd4 12. Kd1 Nxf3 13. h3 Be6 14. Bg2 Nh4
15. Bxd5 Bxd5 16. Re1 Bf3+ 17. Kd2 e4 18. c3 Ng2 0-1

[Event "Futurity III qual."]
[Site "Montreal CAN"]
[Date "2003.04.06"]
[Round "4"]
[White "Laduguie, Patrick"]
[Black "Rosen, Matthew"]
[Result "0-1"]
[WhiteElo "1971"]
[BlackElo "2106"]
[PlyCount "68"]
[EventDate "2003.04.04"]
[EventType "swiss"]
[EventRounds "5"]
[EventCountry "CAN"]

1. e4 c5 2. Nf3 d6 3. d4 cxd4 4. Nxd4 Nf6 5. Nc3 a6 6. Be2 e5 7. Nb3 Be6 8. Bg5
Be7 9. Bxf6 Bxf6 10. Nd5 Bg5 11. a4 O-O 12. O-O f5 13. Bf3 Nc6 14. Qd3 Bh6 15.
exf5 Bxf5 16. Be4 Bxe4 17. Qxe4 Kh8 18. Rad1 Ne7 19. Nxe7 Qxe7 20. Na5 b5 21.
axb5 axb5 22. Nc6 Qc7 23. Qd5 Rac8 24. Nb4 Qc4 25. c3 Qe2 26. Qxd6 e4 27. Rde1
Qxb2 28. Rxe4 Qxc3 29. Qe5 Qd2 30. Qxb5 Rc1 31. Qe2 Qc3 32. Rxc1 Qxc1+ 33. Qe1
Qxe1+ 34. Rxe1 Bd2 0-1

[Event "Futurity III qual."]
[Site "Montreal CAN"]
[Date "2003.04.06"]
[Round "4"]
[White "Nadeau, Michel"]
[Black "Bouchard, Jean-Marc"]
[Result "0-1"]
[WhiteElo "1441"]
[BlackElo "2028"]
[PlyCount "68"]
[EventDate "2003.04.04"]
[EventType "swiss"]
[EventRounds "5"]
[EventCountry "CAN"]

1. d4 e6 2. a3 d5 3. e4 dxe4 4. Nc3 Nf6 5. f3 exf3 6. Nxf3 c5 7. Bf4 Nc6 8. Nb5
Nd5 9. Qd2 a6 10. Nc3 Nxf4 11. Qxf4 cxd4 12. O-O-O Bd6 13. Qg4 dxc3 14. Qxg7
Bf4+ 15. Nd2 Bxd2+ 16. Kb1 Qd4 17. Qg3 Qb6 18. b3 Bd7 19. Qh4 Qd4 20. g4 Ne5
21. Qf6 Nc6 22. Qh4 Bg5 23. Qe1 Qe5 24. Be2 O-O-O 25. h4 Bd2 26. Qf1 Qf4 27.
Qg2 Ne5 28. Rhf1 Bc6 29. Qh3 Qe3 30. Qh2 Be4 31. Ka2 Bxc2 32. Rb1 Bxb1+ 33.
Kxb1 Qe4+ 34. Ka2 Qc2+ 0-1

[Event "Futurity III qual."]
[Site "Montreal CAN"]
[Date "2003.04.06"]
[Round "5"]
[White "Nadeau, Michel"]
[Black "Malveau, Cedric"]
[Result "1/2-1/2"]
[WhiteElo "1441"]
[BlackElo "1882"]
[PlyCount "128"]
[EventDate "2003.04.04"]
[EventType "swiss"]
[EventRounds "5"]
[EventCountry "CAN"]

1. d4 Nf6 2. Nc3 d5 3. e4 dxe4 4. f3 exf3 5. Nxf3 e6 6. Bd3 Be7 7. O-O O-O 8.
Qe1 Nbd7 9. Qh4 Re8 10. Ng5 h6 11. Nge4 Nxe4 12. Qxe4 Nf8 13. Bxh6 gxh6 14.
Qg4+ Bg5 15. h4 e5 16. Qh5 Qxd4+ 17. Rf2 Bf4 18. Rd1 Qb6 19. Nd5 Qc6 20. g3
Qxd5 21. Bh7+ Nxh7 22. Rxd5 Be6 23. Rd3 Nf6 24. Qf3 e4 25. Qxf4 exd3 26. Qxf6
dxc2 27. Rxc2 Rad8 28. Qxh6 c6 29. Qg5+ Kf8 30. h5 Rd5 31. Qh4 Rd1+ 32. Kf2 Kg7
33. Qg5+ Kh7 34. Re2 Rh1 35. Rxe6 Rxe6 36. Qf5+ Kg7 37. Kg2 Rhe1 38. Qg5+ Kh7
39. Kf2 R1e2+ 40. Kf3 Rxb2 41. Qf5+ Kg7 42. h6+ Rxh6 43. Qe5+ Rf6+ 44. Kg4 Rb4+
45. Kh3 Rb5 46. Qd4 a5 47. a3 Rbf5 48. g4 Rf3+ 49. Kh4 R3f4 50. Qc3 Kg8 51. Kg5
Rf1 52. Qxa5 Rg6+ 53. Kh4 Rh1+ 54. Kg3 Rg1+ 55. Kf2 R1xg4 56. Qa8+ Kg7 57. Qxb7
Rg2+ 58. Kf1 Ra2 59. Qa7 Rd6 60. Ke1 Rdd2 61. a4 c5 62. Qc7 Rh2 63. Qe5+ f6 64.
Qe7+ Kg6 1/2-1/2

[Event "Futurity III qual."]
[Site "Montreal CAN"]
[Date "2003.04.06"]
[Round "5"]
[White "Ramaswamy, Kishor"]
[Black "McDonough, Jonathan"]
[Result "1/2-1/2"]
[WhiteElo "1943"]
[BlackElo "2047"]
[PlyCount "105"]
[EventDate "2003.04.04"]
[EventType "swiss"]
[EventRounds "5"]
[EventCountry "CAN"]

1. d4 e6 2. Nf3 Nf6 3. Bg5 Be7 4. Nbd2 d5 5. e3 O-O 6. Bd3 Nbd7 7. c3 b6 8. Ne5
Bb7 9. f4 Ne4 10. Bxe7 Qxe7 11. Qf3 Nxd2 12. Kxd2 Nf6 13. Raf1 Ne4+ 14. Kc1 a5
15. Qe2 a4 16. Bxe4 dxe4 17. Qc2 c5 18. g4 f6 19. Nc4 Ba6 20. Nxb6 Bxf1 21.
Rxf1 Ra6 22. Nxa4 Rfa8 23. Nxc5 Rxa2 24. Kd2 Rb8 25. Rb1 f5 26. g5 Qe8 27. Kc1
Rb6 28. Qe2 Qc6 29. Qc4 Qd5 30. Qxd5 exd5 31. Kc2 h6 32. h4 hxg5 33. hxg5 Kf7
34. Nb3 Ra8 35. Ra1 Rh8 36. Ra5 Rhb8 37. Nd2 Rxb2+ 38. Kc1 R2b5 39. Rxb5 Rxb5
40. c4 dxc4 41. Nxc4 Ke6 42. Kc2 Rb8 43. Ne5 Rc8+ 44. Kb2 Kd5 45. Nf7 Rf8 46.
Ne5 Rh8 47. Kc3 Rh2 48. Nc4 Rh1 49. Nb6+ Kc6 50. Nc4 Rc1+ 51. Kb4 Re1 52. Kc3
Re2 53. Kb4 1/2-1/2

[Event "Futurity V"]
[Site "Montreal CAN"]
[Date "2003.12.26"]
[Round "1"]
[White "Hua, Lefong"]
[Black "Bolduc, Steve"]
[Result "1/2-1/2"]
[WhiteElo "2372"]
[BlackElo "2268"]
[PlyCount "103"]
[EventDate "2003.12.26"]
[EventType "schev"]
[EventRounds "10"]
[EventCountry "CAN"]

1. d4 f5 2. Nc3 d5 3. Bg5 g6 4. e3 Nh6 5. h4 Nf7 6. Bf4 Bg7 7. Qf3 c6 8. Qg3
Nd7 9. Bc7 f4 10. Qxf4 e5 11. Bxd8 exf4 12. Bg5 Nxg5 13. hxg5 O-O 14. Nf3 fxe3
15. fxe3 Nb6 16. Kd2 Bg4 17. Be2 Nc4+ 18. Bxc4 dxc4 19. Raf1 c5 20. dxc5 Bxf3
21. Rxf3 Rfd8+ 22. Ke2 Bxc3 23. bxc3 Rac8 24. Rb1 Rd7 25. Rf4 Rxc5 26. Rd4 Re7
27. Kf3 Rxg5 28. Rxc4 Rf5+ 29. Rf4 Rfe5 30. Re1 Rc5 31. Ra4 b6 32. c4 Rec7 33.
Rd1 Rf7+ 34. Ke2 Rcf5 35. Rd8+ Kg7 36. g4 Rg5 37. Rd4 Re5 38. Rd5 Kf6 39. Kd3
Rfe7 40. Rxe5 Kxe5 41. c5 bxc5 42. Re4+ Kd6 43. Rxe7 Kxe7 44. g5 Ke6 45. Kc4
Kf5 46. Kd5 Kxg5 47. e4 h5 48. e5 h4 49. e6 h3 50. e7 h2 51. e8=Q h1=Q+ 52.
Kxc5 1/2-1/2

[Event "Futurity V"]
[Site "Montreal CAN"]
[Date "2004.01.02"]
[Round "1"]
[White "Hua, Lefong"]
[Black "Yudasin, Leonid"]
[Result "0-1"]
[WhiteElo "2372"]
[BlackElo "2586"]
[PlyCount "96"]
[EventDate "2003.12.26"]
[EventType "schev"]
[EventRounds "10"]
[EventCountry "CAN"]

1. d4 Nf6 2. c4 e6 3. Nc3 Bb4 4. e3 c5 5. Nge2 cxd4 6. exd4 d5 7. c5 Ne4 8. Bd2
Nxd2 9. Qxd2 Qd7 10. a3 Ba5 11. g3 Bd8 12. b4 O-O 13. Bg2 Bf6 14. O-O Qd8 15.
Rab1 Nc6 16. Rfc1 g6 17. f4 Bd7 18. Nd1 Bg7 19. Ne3 a6 20. Ng4 f6 21. Ne3 Kh8
22. Bf1 Be8 23. Rd1 Bf7 24. a4 a5 25. b5 Nb4 26. Nc2 Nxc2 27. Qxc2 g5 28. f5
exf5 29. Bh3 f4 30. gxf4 f5 31. Qd2 Bh5 32. Re1 Bf3 33. Bg2 Be4 34. Bxe4 fxe4
35. fxg5 Rf3 36. Kh1 e3 37. Qd3 Qxg5 38. Rg1 Qh4 39. Rg3 Rf2 40. Rg2 Rxg2 41.
Kxg2 Qf2+ 42. Kh1 Re8 43. c6 Bf8 44. Rg1 bxc6 45. bxc6 Bd6 46. Rg2 Qf1+ 47. Rg1
Qh3 48. Rg2 Bxh2 0-1

[Event "Futurity V"]
[Site "Montreal CAN"]
[Date "2003.12.27"]
[Round "2"]
[White "Livshits, Ron"]
[Black "Hua, Lefong"]
[Result "1-0"]
[WhiteElo "2462"]
[BlackElo "2372"]
[PlyCount "73"]
[EventDate "2003.12.26"]
[EventType "schev"]
[EventRounds "10"]
[EventCountry "CAN"]

1. d4 Nf6 2. c4 c5 3. d5 e6 4. Nc3 exd5 5. cxd5 d6 6. e4 g6 7. f4 Bg7 8. Bb5+
Nbd7 9. e5 dxe5 10. fxe5 Nh5 11. e6 Qh4+ 12. g3 Nxg3 13. hxg3 Qxh1 14. Be3
Bxc3+ 15. bxc3 a6 16. exd7+ Bxd7 17. Bxd7+ Kxd7 18. Qb3 b5 19. O-O-O Qg2 20.
Bxc5 Rhe8 21. d6 Re6 22. Nh3 Qxh3 23. Qd5 Rb8 24. Ba7 Qh6+ 25. Kb1 Qf8 26. g4
h6 27. g5 h5 28. Qf3 f5 29. gxf6 Rxf6 30. Qh3+ Rf5 31. Bxb8 Qxb8 32. Qe3 Rf7
33. Re1 Qf8 34. Qe6+ Kd8 35. Qe4 Rf6 36. Qc6 Rf7 37. d7 1-0

[Event "Futurity V"]
[Site "Montreal CAN"]
[Date "2003.12.27"]
[Round "2"]
[White "Prahov, Valentin"]
[Black "Charbonneau, Anne-Marie"]
[Result "1-0"]
[WhiteElo "2234"]
[BlackElo "2032"]
[PlyCount "97"]
[EventDate "2003.12.26"]
[EventType "schev"]
[EventRounds "10"]
[EventCountry "CAN"]

1. e4 c5 2. Nf3 e6 3. d4 cxd4 4. Nxd4 Nf6 5. Nc3 d6 6. Be2 Be7 7. O-O O-O 8.
Kh1 a6 9. a4 Nc6 10. Be3 Qc7 11. f4 Re8 12. Qe1 Nxd4 13. Bxd4 e5 14. fxe5 dxe5
15. Qg3 Bd8 16. Be3 Kh8 17. Rf2 Be6 18. Raf1 Bc4 19. Bd3 Re6 20. Nd5 Qc6 21. b3
Bxd3 22. cxd3 a5 23. h3 b6 24. Bg5 Ra6 25. Qh4 b5 26. Rc1 Qd7 27. axb5 Qxb5 28.
Rc8 Qd7 29. Bxf6 Qxc8 30. Bxd8 Rad6 31. Bg5 Qd7 32. Rc2 Rc6 33. Qf2 Rxc2 34.
Qxc2 Rc6 35. Qb2 f6 36. Bd2 Ra6 37. Qa3 Qd8 38. b4 Qd6 39. Qa4 h6 40. bxa5 f5
41. Qe8+ Kh7 42. Ne7 Qe6 43. exf5 Qa2 44. Ng6 Qg8 45. Qxg8+ Kxg8 46. Nxe5 Kf8
47. Kg1 Ke7 48. g4 Kd6 49. Bc3 1-0

[Event "Futurity V"]
[Site "Montreal CAN"]
[Date "2004.01.03"]
[Round "2"]
[White "Yudasin, Leonid"]
[Black "Masse, Hugues"]
[Result "1-0"]
[WhiteElo "2586"]
[BlackElo "2214"]
[PlyCount "83"]
[EventDate "2003.12.26"]
[EventType "schev"]
[EventRounds "10"]
[EventCountry "CAN"]

1. e4 e5 2. Nf3 Nc6 3. Bb5 a6 4. Ba4 Nf6 5. d3 b5 6. Bb3 Bc5 7. O-O d6 8. c3
Bb6 9. a4 Bd7 10. Na3 Ne7 11. Re1 O-O 12. h3 Ng6 13. d4 h6 14. Be3 c6 15. Bc2
Qc7 16. b4 Rfe8 17. Qb1 Nh5 18. c4 Nhf4 19. Qd1 Qc8 20. dxe5 Bxe3 21. fxe3 Nxg2
22. Kxg2 Bxh3+ 23. Kf2 dxe5 24. Bd3 Re6 25. Rg1 Rf6 26. Rg3 Bg4 27. Be2 h5 28.
Kg1 Qf8 29. Nc2 Rd8 30. Qe1 Qe8 31. axb5 axb5 32. c5 Qd7 33. Rd1 Qc8 34. Ng5
Bxe2 35. Qxe2 h4 36. Rg2 Rxd1+ 37. Qxd1 Qe8 38. Ne1 Nf8 39. Qg4 Rh6 40. Nef3
Ng6 41. Rd2 h3 42. Qd7 1-0

[Event "Futurity V"]
[Site "Montreal CAN"]
[Date "2003.12.28"]
[Round "3"]
[White "Bachand-Fleurent, Julien"]
[Black "Bolduc, Steve"]
[Result "0-1"]
[WhiteElo "2095"]
[BlackElo "2268"]
[PlyCount "113"]
[EventDate "2003.12.26"]
[EventType "schev"]
[EventRounds "10"]
[EventCountry "CAN"]

1. e4 c5 2. Nc3 Nc6 3. g3 g6 4. Bg2 Bg7 5. d3 d6 6. Be3 Rb8 7. Qd2 b5 8. Nge2
Nd4 9. Nc1 Bg4 10. f4 b4 11. Nd1 Nf3+ 12. Bxf3 Bxf3 13. O-O Bxd1 14. Qxd1 Bxb2
15. Rb1 Bg7 16. d4 cxd4 17. Bxd4 Bxd4+ 18. Qxd4 Qb6 19. Qxb6 Rxb6 20. Nd3 Nf6
21. Rfe1 Kd7 22. Rxb4 Rxb4 23. Nxb4 a5 24. Nd3 Rc8 25. Re2 Rc4 26. Nf2 Ra4 27.
c3 Rc4 28. Re3 e6 29. Kf1 Kc6 30. Ke1 d5 31. e5 Ne4 32. Nxe4 Rxe4 33. Kf2 Kc5
34. Rxe4 dxe4 35. Ke3 Kc4 36. Kxe4 Kxc3 37. Ke3 Kb2 38. Kd3 Kxa2 39. Kc2 Ka3
40. Kc3 h5 41. Kc4 Ka4 42. Kc3 Kb5 43. Kb3 Kc5 44. Ka4 Kd5 45. Kxa5 Ke4 46. Kb5
Kf3 47. Kc6 Kg2 48. Kd6 Kxh2 49. Ke7 Kxg3 50. Kxf7 h4 51. Kxg6 h3 52. f5 h2 53.
fxe6 h1=Q 54. e7 Kg4 55. Kf7 Qh5+ 56. Kf8 Qf5+ 57. Kg7 0-1